8 Héros grecs de l'antiquité - Statistiques

Statistiques générales
  • Ce quiz a été pris 1 458 fois
  • Le résultat moyen est 5 sur 8
Statistiques - réponses
Pesonnage vaincu Héros % Correct
Le cyclope Polyphème Ulysse
84%
L'Hydre de Lerne Héraclès
80%
Hector Achille
79%
Le Minotaure Thésée
74%
Méduse Persée
60%
La Sphinx Oedipe
59%
Pélias Jason
41%
Chimère Bellérophon
20%
Aucun quiz correspondant
Distribution des résultats
% des personnes avec chaque résultat
Percentile par nombre de réponses
Votre historique - résultats
Vous n’avez pas pris ce quiz